000 00917nas a2200301 4500
001 BR0105172
003 BR-BrBNA
005 20231205102520.0
007 ta
008 230509b bl.|||p| |||| 00| 00por d
040 _aBR-BrBNA
_bpor
_cBiblioteca Nacional de Agricultura
041 _a(Pt)
072 _aF30; H20
100 1 _aBarreto, P.D.
100 1 _aSantos, A.A.
100 1 _aVidal, J.c.
100 1 _aQuindere, M.A.W.
245 1 _aReacao de genotipos de Vigna unguiculata a sarna e efeito da doenca sobre componentes de producao
650 _aFeijao de Corda
650 _aSarna de Planta
650 _aGrao
650 _aRendimento
650 _aVariedade Resistente
650 _aMelhoramento Genetico Vegetal
773 0 _tFitopatologia Brasileira (Brazil)
_xISSN 0100-4158
_g(Mar 2001), v. 26(1) p. 5-9
_wBR0105172
909 _a202311
_bLúcia
_c55
_dLúcia Elande
942 _2AGRIS
_n0
_cANA
999 _c167957
_d167957